Pojištění v silniční nákladní dopravě

Povinné ručenie a havarijné poistenie v cestnej nákladnej doprave. Poistenie prívesov a návesov. Poistné podmienky a výluky. Preukázanie finančnej spôsobilosti dopravcov. Poistenie zodpovednosti vodičov. Poistenie zodpovednosti dopravcov.

Salvato in:
Dettagli Bibliografici
Autore principale: Traganová, Martina
Natura: Capitolo di libro
Lingua:ceco
Soggetti:
Tags: Aggiungi Tag
Nessun Tag, puoi essere il primo ad aggiungerne!!

MARC

LEADER 00000naa a2200000 4500
001 0167492
005 20231211075800.1
041 0 |a cze 
044 |a CZ 
245 1 0 |a Pojištění v silniční nákladní dopravě  |c Martina Traganová 
520 |a Povinné ručenie a havarijné poistenie v cestnej nákladnej doprave. Poistenie prívesov a návesov. Poistné podmienky a výluky. Preukázanie finančnej spôsobilosti dopravcov. Poistenie zodpovednosti vodičov. Poistenie zodpovednosti dopravcov. 
610 2 0 |a poistenie vozidiel motorových 
610 2 0 |a poistenie havarijné 
610 2 0 |a doprava cestná nákladná 
610 2 0 |a poistenie zodpovednosti za škody 
610 2 0 |a poistné 
100 1 |a Traganová, Martina